000 00565nam a2200181Ia 4500
001 8779
005 20260306160635.0
008 260306t2010||||xx |||||||||||||| ||spa||
041 _aESP
082 _a371.33
_bG67
100 _aGonzales Cotrina, Wilfredo,
_eAUT
245 0 _aEl juego como técnica de aprendizaje :
_bguía práctica para estudiantes y profesionales de pedagogía en las especialidades de inicial, primaria y comunicación
260 _c2010
300 _a140 páginas :
_c21 cm.
650 _aGEN
654 _aCED
942 _cLIB
_dJUS
_fJUS
_2ddc
_n
999 _c8779
_d8779